Educar para el siglo XXI / (Registro nro. 5192)

Detalles MARC
000 -LEADER
fixed length control field 01121nam a2200265Ia 4500
003 - CONTROL NUMBER IDENTIFIER
control field OSt
005 - DATE AND TIME OF LATEST TRANSACTION
control field 20200825153433.0
008 - FIXED-LENGTH DATA ELEMENTS--GENERAL INFORMATION
fixed length control field 191128s2016 ck ad gr 000 0 spa d
020 ## - INTERNATIONAL STANDARD BOOK NUMBER
International Standard Book Number 9789588866734
040 ## - CATALOGING SOURCE
Original cataloging agency Co-JMCR
Transcribing agency Co-JMCR
041 0# - LANGUAGE CODE
Language code of text/sound track or separate title spa
082 04 - DEWEY DECIMAL CLASSIFICATION NUMBER
Classification number 370.112 /
Item number U538e
Edition number 23
100 1# - MAIN ENTRY--PERSONAL NAME
Personal name Noguera Pardo, Camilo,
Relator term compilador
9 (RLIN) 9232
245 10 - TITLE STATEMENT
Title Educar para el siglo XXI /
Statement of responsibility, etc. Nina S. de Friedemann; Carlos Patiño Roselli
250 ## - EDITION STATEMENT
Edition statement Primera edición
260 ## - PUBLICATION, DISTRIBUTION, ETC.
Place of publication, distribution, etc. Bogotá :
Name of publisher, distributor, etc. Instituto Caro y Cuervo,
Date of publication, distribution, etc. 2016.
300 ## - PHYSICAL DESCRIPTION
Extent 327 páginas :
Other physical details ilustraciones, gráficos a blanco y negro ;
Dimensions 24 cm.
504 ## - BIBLIOGRAPHY, ETC. NOTE
Bibliography, etc. note Bibliografia : páginas 320-327.
505 0# - FORMATTED CONTENTS NOTE
Formatted contents note Educación y bioética -- Educación y religión -- Educación y medios de comunicación -- Educación y estudios de género -- Educación y sexualidad -- Educación y derecho -- Educación, sociedad y pedagogía
650 24 - SUBJECT ADDED ENTRY--TOPICAL TERM
Topical term or geographic name entry element Educación humanistica
General subdivision Ensayos
9 (RLIN) 9233
650 24 - SUBJECT ADDED ENTRY--TOPICAL TERM
Topical term or geographic name entry element Educación humanísticas
9 (RLIN) 9234
650 24 - SUBJECT ADDED ENTRY--TOPICAL TERM
Topical term or geographic name entry element Educación humanística
General subdivision conferencias
9 (RLIN) 9235
700 1# - ADDED ENTRY--PERSONAL NAME
Personal name Patiño Roselli, Carlos,
Relator term autor
9 (RLIN) 9236
942 ## - ADDED ENTRY ELEMENTS (KOHA)
Source of classification or shelving scheme Dewey Decimal Classification
Koha item type Books
Existencias
Withdrawn status Lost status Source of classification or shelving scheme Damaged status Not for loan Home library Current library Shelving location Date acquired Source of acquisition Full call number Barcode Date last seen Copy number Price effective from Koha item type
    Dewey Decimal Classification     Biblioteca Pública José María del Castillo y Rada Biblioteca Pública José María del Castillo y Rada General Stacks 11/28/2019 Donación 370.112 / U538e 430001442 05/16/2024 Ej.1 11/28/2019 Books